Sports Quiz

Random Sports or Football Quiz

Dutch FIFA world cup 2010 squad Quiz Stats

 Plays Quiz not verified by Sporcle

Challenge
Share
Tweet
Embed
Score 0/23 Timer 06:00
0 Plays Today
Club Player % Correct
ArsenalRobin van Persie
96.3%
Bayern MünchenArjen Robben
95.2%
InternazionaleWesley Sneijder
94.6%
LiverpoolDirk Kuyt
94.2%
Manchester CityNigel de Jong
89.8%
Bayern MünchenMark van Bommel
89.1%
Real MadridRafael van der Vaart
87.4%
EvertonJohn Heitinga
83.7%
AjaxMaarten Stekelenburg
82.7%
AC MilanKlaas-Jan Huntelaar
82.3%
FeyenoordGiovanni van Bronckhorst
78.6%
LiverpoolRyan Babel
74.1%
Club Player % Correct
AjaxGregory van der Wiel
70.7%
HSVJoris Mathijsen
70.7%
HSVEljero Elia
66.3%
VfB StuttgartKhalid Boulahrouz
65%
PSVAndré Ooijer
63.9%
FC UtrechtMichel Vorm
62.2%
PSVIbrahim Afellay
61.6%
FC TwenteSander Boschker
55.4%
AjaxDemy de Zeeuw
54.4%
AZStijn Schaars
49.7%
Celtic Edson Braafheid
47.6%

You're not logged in!

Compare scores with friends on all Sporcle quizzes.
OR
Log In

You Might Also Like...

Show Comments

Extras

Top Quizzes Today


Score Distribution

Your Account Isn't Verified!

In order to create a playlist on Sporcle, you need to verify the email address you used during registration. Go to your Sporcle Settings to finish the process.

Report this User

Report this user for behavior that violates our Community Guidelines.

Details: